000 01222nam a2200241 a 4500
005 20210219160309.0
008 081007s1988 mx r 000 0 spa d
035 _aUPN01000162725
049 _aUNE
080 _a37.014. 542 (72) SEP.
100 1 _aSepúlveda Stuardo, Manuel A.
245 1 0 _aOferta y demanda de formación y capacitación en planeación educativa en los estados de Coahuila, San Luis Potosí, Nuevo León, Tamaulipas y Durango en México /
_cManuel A. Sepúlveda Stuardo.
260 _aMéxico :
_bUniversidad de Monterrey,
_c1988.
300 _a118 p. ;
_bfot.
500 _aVersión preeliminar para comentarios.
500 0 _aIncluye anexos.
690 _aPlanificacion de la educacion- Mexico
690 _aMexico- Planificacion y administracion de la educacion
710 2 _aUNESCO. International Institute for Educational Planning
710 2 _aUniversidad de Monterrey. División de Ciencias de la Educacción. Programa de Investigación y Desarrollo Educativo
710 2 _aREPLAD. Red Regional para la Capacitación, la Innovación y vestigación en los Campos de la Planificación y Administración de la Educación Básica y los Programas de Alfabetización.
905 _aUNESCO
999 _c134838
_d134838